000 004930000a22001810004500
003 MACL
005 20151230125925.0
008 151230b xxu||||| |||| 00| 0 eng d
040 _aMACL
_cMACL
041 _aEnglish
082 _a301/SAR
100 _aSarkar, Benoy Kumar
_924811
245 _aThe Positive Background of Hindu Sociology
_bBook 1 Introduction To Hindu positivism
260 _bPanini Office
_c1937
350 _a16
650 _aSociology
_924812
942 _cBK
_k301/SAR
_2ddc
999 _c34630
_d34630